000 00432nam a2200133Ia 4500
008 231129s1995||||xx |||||||||||||| ||spa||
020 _a958-9206-77
040 _bspa
082 _a370.98 P418
245 0 _aPensamiento pedagógico de los grandes educadores de los paí­ses del Convenio Andrés Bello: antologí­a
260 _c1995
264 _aConvenio Andrés Bello
942 _2ddc
_cBKS
999 _c22569
_d22569